<?xml version="1.0" encoding="UTF-8"?>
<record
    xmlns:xsi="http://www.w3.org/2001/XMLSchema-instance"
    xsi:schemaLocation="http://www.loc.gov/MARC21/slim http://www.loc.gov/standards/marcxml/schema/MARC21slim.xsd"
    xmlns="http://www.loc.gov/MARC21/slim">

  <leader>01090nam0a22002771  4500</leader>
  <controlfield tag="001">RU\NLR\A1SV\154223</controlfield>
  <controlfield tag="005">20251203171251.9</controlfield>
  <datafield tag="035" ind1=" " ind2=" ">
    <subfield code="a">(NLR Aleph) 012158838</subfield>
  </datafield>
  <datafield tag="090" ind1=" " ind2=" ">
    <subfield code="a">12180233</subfield>
    <subfield code="c">12180233</subfield>
  </datafield>
  <datafield tag="100" ind1=" " ind2=" ">
    <subfield code="a">20191209d1922    u  y0rusy50      ca</subfield>
  </datafield>
  <datafield tag="101" ind1="1" ind2=" ">
    <subfield code="a">rus</subfield>
    <subfield code="c">eng</subfield>
  </datafield>
  <datafield tag="102" ind1=" " ind2=" ">
    <subfield code="a">RU</subfield>
  </datafield>
  <datafield tag="200" ind1="1" ind2=" ">
    <subfield code="a">&#x41A;&#x43E;&#x440;&#x430;&#x431;&#x43B;&#x44C; &#x448;&#x430;&#x43C;&#x43F;&#x430;&#x43D;&#x441;&#x43A;&#x43E;&#x433;&#x43E;</subfield>
    <subfield code="f">&#x413;&#x435;&#x440;&#x43C;&#x430;&#x43D; &#x414;&#x436;&#x43E;&#x440;&#x434;&#x436; &#x428;&#x435;&#x444;&#x444;&#x430;&#x443;&#x44D;&#x440;</subfield>
    <subfield code="g">&#x41F;&#x435;&#x440;. &#x441; &#x430;&#x43D;&#x433;&#x43B;. [&#x438; &#x432;&#x441;&#x442;&#x443;&#x43F;. &#x441;&#x442;.] &#x41B;&#x435;&#x43E;&#x43D;&#x438;&#x434;&#x430; &#x427;&#x430;&#x446;&#x43A;&#x43E;&#x433;&#x43E;</subfield>
  </datafield>
  <datafield tag="210" ind1=" " ind2=" ">
    <subfield code="a">&#x411;&#x435;&#x440;&#x43B;&#x438;&#x43D;</subfield>
    <subfield code="c">&#x415;.&#x410;.&#x413;&#x443;&#x442;&#x43D;&#x43E;&#x432;</subfield>
    <subfield code="d">1922</subfield>
  </datafield>
  <datafield tag="215" ind1=" " ind2=" ">
    <subfield code="a">115, [1] &#x441;.</subfield>
    <subfield code="c">&#x43F;&#x43E;&#x440;&#x442;&#x440;.</subfield>
    <subfield code="d">14 &#x441;&#x43C;</subfield>
  </datafield>
  <datafield tag="327" ind1="1" ind2=" ">
    <subfield code="a">&#x41A;&#x43E;&#x440;&#x430;&#x431;&#x43B;&#x44C; &#x448;&#x430;&#x43C;&#x43F;&#x430;&#x43D;&#x441;&#x43A;&#x43E;&#x433;&#x43E;</subfield>
    <subfield code="a">&#x41F;&#x43B;&#x43E;&#x432;&#x443;&#x447;&#x438;&#x439; &#x43B;&#x435;&#x441;</subfield>
    <subfield code="a">&#x41A;&#x43E;&#x440;&#x430;&#x431;&#x43B;&#x44C; &#x432; &#x43D;&#x435;&#x432;&#x43E;&#x43B;&#x435;</subfield>
  </datafield>
  <datafield tag="620" ind1=" " ind2=" ">
    <subfield code="d">&#x411;&#x435;&#x440;&#x43B;&#x438;&#x43D;</subfield>
  </datafield>
  <datafield tag="700" ind1=" " ind2="1">
    <subfield code="7">ca</subfield>
    <subfield code="8">rus</subfield>
    <subfield code="a">&#x428;&#x435;&#x444;&#x444;&#x430;&#x443;&#x44D;&#x440;</subfield>
    <subfield code="b">&#x413;. &#x414;.</subfield>
    <subfield code="f">1876-1927</subfield>
    <subfield code="g">&#x413;&#x435;&#x440;&#x43C;&#x430;&#x43D; &#x414;&#x436;&#x43E;&#x440;&#x434;&#x436;</subfield>
    <subfield code="9">268537</subfield>
    <subfield code="3">RU\NLR\AUTH\770268593</subfield>
  </datafield>
  <datafield tag="702" ind1=" " ind2="1">
    <subfield code="7">ca</subfield>
    <subfield code="8">rus</subfield>
    <subfield code="a">&#x421;&#x442;&#x440;&#x430;&#x445;&#x43E;&#x432;&#x441;&#x43A;&#x438;&#x439;</subfield>
    <subfield code="b">&#x41B;. &#x418;.</subfield>
    <subfield code="f">1898-1963</subfield>
    <subfield code="g">&#x41B;&#x435;&#x43E;&#x43D;&#x438;&#x434; &#x418;&#x432;&#x430;&#x43D;&#x43E;&#x432;&#x438;&#x447;</subfield>
    <subfield code="9">254261</subfield>
    <subfield code="3">RU\NLR\AUTH\770254317</subfield>
  </datafield>
  <datafield tag="801" ind1=" " ind2="0">
    <subfield code="a">RU</subfield>
    <subfield code="b">NLR</subfield>
    <subfield code="c">20191209</subfield>
  </datafield>
  <datafield tag="899" ind1=" " ind2=" ">
    <subfield code="a">&#x420;&#x413;&#x411;</subfield>
  </datafield>
  <datafield tag="899" ind1=" " ind2=" ">
    <subfield code="a">&#x420;&#x413;&#x411;</subfield>
  </datafield>
  <datafield tag="942" ind1=" " ind2=" ">
    <subfield code="c">BOOK</subfield>
  </datafield>
  <datafield tag="980" ind1=" " ind2=" ">
    <subfield code="a">NB</subfield>
  </datafield>
  <datafield tag="980" ind1=" " ind2=" ">
    <subfield code="a">A1SV</subfield>
  </datafield>
</record>
